El Drac d'or : de Rolanda Schimmelpfening : nous creadors de teatre i dansa de Rolanda Schimmelpfening : nous creadors de teatre i dansa
Descripción Física:
1 postal : il·lustracions en color ; 15 x 11 cm
Colección:
Factoria IT
; 14/15
Idioma:
Catalán
MARC
| LEADER | 00000nkm a22000007a 4500 | ||
|---|---|---|---|
| 001 | 25438 | ||
| 003 | Arxiu | ||
| 005 | 20260324181107.0 | ||
| 008 | 220510b spa||||| |||| 00| 0 cat d | ||
| 017 | |a DL B 27260-2014 | ||
| 080 | |a NBM-13-91 | ||
| 245 | 1 | 3 | |a El Drac d'or : |b de Rolanda Schimmelpfening : nous creadors de teatre i dansa |
| 260 | |a Barcelona : |b Institut del Teatre, |c 2014 | ||
| 300 | |a 1 postal : |b il·lustracions en color ; |c 15 x 11 cm | ||
| 490 | |a Factoria IT ; |v 14/15 | ||
| 650 | 0 | |a Teatre |x Barcelona (Catalunya) |9 21513 | |
| 655 | 0 | |9 52685 |a Targetes postals | |
| 710 | 1 | |a Institut del Teatre (Barcelona, Catalunya) |9 52662 | |
| 942 | |2 udc |n 1 |c ARXIU | ||
| 952 | |0 0 |1 0 |4 0 |6 NBM1391 |7 1 |9 61618 |a Arxiu |b Arxiu |d 2022-05-10 |l 0 |o NBM-13-91 |p 25438 |r 2022-05-10 00:00:00 |w 2022-05-10 |y ARXIU | ||
| 999 | |c 81528 |d 81528 | ||